000 00313nam a22001337a 4500
008 170904b xxu||||| |||| 00| 0 eng d
020 _a9781305012059
041 _aeng
080 _24TH
_6
_a070
100 _a40
101 _aMED
245 _aACCELERATED COMPOSITION & COMMUNICATION
_cMAUK,J
942 _2udc
_cBK
999 _c25963
_d25963